| 000 | 01367cam a2200217 4500 | ||
|---|---|---|---|
| 001 | ##L135617 | ||
| 008 | 061116n2006 000 0 eng u | ||
| 035 | _a(Sirsi) u135617 | ||
| 041 | 0 | _aeng | |
| 050 | 0 | 4 | _a711.1 $2 18 |
| 110 | 1 |
_aUnited Kingdom _bParliament _bHouse of Commons _bSelect Committee for Communities and Local Government _94987 |
|
| 245 | 0 | 0 |
_aCommunities and Local Government Committee - fifth report _bsession 2005-06 _h[electronic resource] |
| 260 |
_aLondon _bTSO _c2006 |
||
| 520 | _aAnalyses the government Planning Gain Supplement (PGS) proposals. Covers planning gain and capturing land value uplift, establishing PGS liability, paying PGS, exemptions and discounts, investing in infrastructure and affordable housing, allocating PGS revenue, and other issues. Concludes by urging government to consider a range of means to secure for the public benefit a portion of land value uplift which results from the granting of planning permission. Makes a wide range of recommendations. | ||
| 590 | _aKA NTK | ||
| 650 | 2 | 4 | _aPLANNING GAIN SUPPLEMENT |
| 651 | 4 |
_aEngland _y886- |
|
| 690 | _aENVIRONMENTAL AND LAND CONSULTANCY-PLANNING AND DEVELOPMENT-PLANNING REFORM | ||
| 856 | 4 | 0 |
_uhttps://www.publications.parliament.uk/pa/cm200506/cmselect/cmcomloc/1024/1024i.pdf _zView the report free of charge at www.publications.parliament.uk |
| 942 | _n0 | ||
| 999 |
_c106114 _d106114 |
||